00000000cam 2200000zi 4500
0019.963289
003CaOODSP
00520260603124041
006m     o  d f      
007cr |n|||||||||
008260603e197701  onc     o    f000 0 fre d
040 |aCaOODSP|bfre|erda|cCaOODSP
043 |an-cn---
0861 |aJS22-87/1977F-PDF
24503|aLe rôle des services correctionnels fédéraux au Canada : |brapport du Groupe de travail sur la création du service canadien de correction intégré.
264 1|aOttawa : |bDivision des communications, Ministère du Solliciteur général, |cjanvier 1977.
300 |a1 ressource en ligne (vi, 136 pages)
336 |atexte|btxt|2rdacontent/fre
337 |ainformatique|bc|2rdamedia/fre
338 |aressource en ligne|bcr|2rdacarrier/fre
500 |aÉdition numérisée de l'imprimé [par Sécurité publique Canada].
500 |aPublié aussi en anglais sous le titre : The role of federal corrections in Canada : a report of the Task Force on the Creation of an Integrated Canadian Corrections Service.
650 6|aServices correctionnels|zCanada.
650 6|aJustice pénale|xAdministration|zCanada.
7101 |aCanada. |bMinistère du Solliciteur général. |bDivision des communications, |eorganisme de publication.
77508|tThe role of federal corrections in Canada : |w(CaOODSP)9.958978
85640|qPDF|s2.16 Mo|uhttps://publications.gc.ca/collections/collection_2026/sp-ps/JS22-87-1977-fra.pdf